000 00631nam a2200265Ia 4500
005 20260121170731.0
008 008 260114s9999 xx 000 0 eng d
020 _a9783319967431
037 _aEBOOK
040 _aCRL
040 _beng
040 _cCRL
041 _2eng
041 _aeng
084 _qCRL
100 _aCarlo Comanducci
_91067513
245 0 _aSpectatorship and Film Theory
260 _bSpringer
260 _bSpringer
260 _c2018
856 _uhttps://link.springer.com/openurl?genre=book&isbn=978-3-319-96743-1
942 _cEBOOK
999 _c1633243
_d1633243